[Event "Yerevan Margaryan Memorial IM"]
[Site "Yerevan"]
[Date "2025.01.14"]
[Round "7"]
[White "Karmanova, Olga Dm"]
[Black "Pashikyan, Rudolf"]
[Result "1/2-1/2"]
[WhiteElo "2316"]
[BlackElo "2307"]
[PlyCount "113"]
[EventDate "2025.01.08"]
[EventType "tourn"]
[EventRounds "9"]
[EventCountry "ARM"]
[EventCategory "2"]
[SourceTitle "CB04_2025"]
[SourceDate "2025.01.22"]
[SourceVersion "1"]
[SourceVersionDate "2025.01.22"]
[SourceQuality "1"]

1. d4 Nf6 2. c4 e6 3. g3 d5 4. Bg2 Bb4+ 5. Bd2 Bd6 6. Nf3 0-0 7. 0-0 c6 8. Qc2 Ne4 9. Nc3 f5 10. Nxe4 fxe4 11. Ne1 b5 12. c5 Be7 13. f3 Bf6 14. Be3 exf3 15. Nxf3 Bd7 16. Bf4 Be8 17. Bd6 Bg6 18. Qd2 Re8 19. Ne5 Bxe5 20. dxe5 a5 21. Rf4 Nd7 22. Raf1 Ra7 23. h4 Rb7 24. h5 Bxh5 25. e4 d4 26. Bh3 d3 27. Qxd3 h6 28. Qd4 Qg5 29. Kh2 Ra7 30. Rh4 Rb7 31. Rff4 Ra7 32. Qc3 b4 33. Qd4 Rb7 34. Bf1 Bf7 35. Be2 Nf8 36. Rhg4 Qd8 37. Qe3 h5 38. Rh4 Ng6 39. Rxf7 Rxf7 40. Rxh5 Ne7 41. Rg5 Kh7 42. Bh5 Ref8 43. Bxf7 Rxf7 44. Rh5+ Kg8 45. Kg2 Ng6 46. Rh1 a4 47. Rh5 Qa5 48. Qe2 b3 49. axb3 axb3 50. Rh1 Qb4 51. Rc1 Qd4 52. Ra1 Rf4 53. Ra8+ Kf7 54. Ra7+ Kg8 55. Ra8+ Kf7 56. Ra7+ Kg8 57. Ra8+ 1/2-1/2

[Event "Yerevan Margaryan Memorial IM"]
[Site "Yerevan"]
[Date "2025.01.08"]
[Round "1"]
[White "Karmanova, Olga Dm"]
[Black "Sukiasyan, Vahe A"]
[Result "1-0"]
[WhiteElo "2316"]
[BlackElo "2381"]
[PlyCount "92"]
[EventDate "2025.01.08"]
[EventType "tourn"]
[EventRounds "9"]
[EventCountry "ARM"]
[EventCategory "2"]
[SourceTitle "CB04_2025"]
[SourceDate "2025.01.22"]
[SourceVersion "1"]
[SourceVersionDate "2025.01.22"]
[SourceQuality "1"]

1. d4 Nf6 2. c4 e6 3. g3 d5 4. Bg2 Bb4+ 5. Bd2 Be7 6. Qc2 0-0 7. Nf3 c6 8. 0-0 Nbd7 9. Rd1 a5 10. Bf4 h6 11. h4 a4 12. Nbd2 Nh5 13. Be3 f5 14. Bh3 Nhf6 15. Bf4 Nh5 16. Be5 Nxe5 17. dxe5 g5 18. hxg5 hxg5 19. Bg2 Ng7 20. Ne1 Bd7 21. Nd3 Be8 22. Nf3 Bg6 23. Qc3 Qa5 24. b4 axb3 25. Qxb3 Ra7 26. Nd4 Qa4 27. cxd5 cxd5 28. Qc3 Qa5 29. Qb2 Rc8 30. e3 Be8 31. Qe2 Bh5 32. f3 Bg6 33. Nc1 Qb6 34. Ncb3 Ra4 35. Bf1 Kf7 36. Qb5 Qa7 37. Rdc1 Rxc1 38. Rxc1 Rb4 39. Qd7 Qb8 40. Rc7 Qe8 41. Qd6 Kf8 42. Nxe6+ Nxe6 43. Qxe6 Qf7 44. Rxe7 Qxe7 45. Qxg6 Qxe5 46. Qxg5 Ra4 1-0

[Event "Wch U18 Girls"]
[Site "Florianopolis"]
[Date "2024.11.03"]
[Round "6"]
[White "Ha, Yihan"]
[Black "Karmanova, Olga Dm"]
[Result "0-1"]
[WhiteElo "2060"]
[BlackElo "2301"]
[PlyCount "68"]
[EventDate "2024.10.29"]
[EventType "swiss"]
[EventRounds "11"]
[EventCountry "BRA"]
[SourceTitle "CB45_2024"]
[Source "ChessBase"]
[SourceDate "2024.11.06"]
[SourceVersion "1"]
[SourceVersionDate "2024.11.06"]
[SourceQuality "1"]

1. d4 Nf6 2. c4 e6 3. Nc3 Bb4 4. Qc2 0-0 5. Nf3 d5 6. a3 Bxc3+ 7. Qxc3 dxc4 8. Qxc4 b6 9. Bg5 Ba6 10. Qa4 h6 11. Bxf6 Qxf6 12. e3 Bxf1 13. Rxf1 c5 14. Ke2 Rd8 15. Rac1 Nd7 16. Rfd1 e5 17. Rd2 cxd4 18. exd4 e4 19. Ne1 Nc5 20. Qc4 Rac8 21. Kd1 Qf5 22. Qb4 Qh5+ 23. f3 e3 24. Rdc2 Qh4 25. Rc4 a5 26. Qc3 Na4 27. Qb3 Rxd4+ 28. Rxd4 Qxd4+ 29. Nd3 Rxc1+ 30. Kxc1 e2 31. Ne1 Nxb2 32. Qc2 Nc4 33. Qxe2 Qc3+ 34. Nc2 Qb2+ 0-1

[Event "Wch U18 Girls"]
[Site "Florianopolis"]
[Date "2024.10.30"]
[Round "2"]
[White "Karmanova, Olga Dm"]
[Black "Munkhpurev, Margad"]
[Result "1-0"]
[WhiteElo "2301"]
[BlackElo "2035"]
[PlyCount "57"]
[EventDate "2024.10.29"]
[EventType "swiss"]
[EventRounds "11"]
[EventCountry "BRA"]
[SourceTitle "CB45_2024"]
[Source "ChessBase"]
[SourceDate "2024.11.06"]
[SourceVersion "1"]
[SourceVersionDate "2024.11.06"]
[SourceQuality "1"]

1. d4 d5 2. c4 e6 3. Nf3 c5 4. cxd5 exd5 5. g3 Nf6 6. Bg2 Nc6 7. 0-0 cxd4 8. Nxd4 Bc5 9. Nxc6 bxc6 10. Qc2 Bb6 11. Qxc6+ Bd7 12. Qd6 Bc7 13. Qa3 h5 14. Bg5 Be6 15. Nc3 h4 16. Rfd1 hxg3 17. hxg3 Rh5 18. Nxd5 Bxd5 19. Rxd5 Nxd5 20. Bxd8 Rxd8 21. Rd1 Bb6 22. e4 Nf6 23. Rxd8+ Kxd8 24. Qf8+ Ne8 25. Qxf7 Rc5 26. Bh3 Rc7 27. Qe6 Nf6 28. e5 Ne8 29. Bf5 1-0

[Event "RUS-ch Rapid (Women)"]
[Site "Sochi"]
[Date "2024.10.16"]
[Round "6"]
[White "Karmanova, Olga Dm"]
[Black "Goltseva, Ekaterina"]
[Result "0-1"]
[WhiteElo "2301"]
[BlackElo "2378"]
[PlyCount "80"]
[EventDate "2024.10.15"]
[EventType "swiss (rapid)"]
[EventRounds "11"]
[EventCountry "RUS"]
[SourceTitle "CB43_2024"]
[Source "Chessbase"]
[SourceDate "2024.10.23"]
[SourceVersion "1"]
[SourceVersionDate "2024.10.23"]
[SourceQuality "1"]

1. d4 d5 2. c4 e6 3. Nf3 Nf6 4. g3 dxc4 5. Qa4+ Nbd7 6. Bg2 a6 7. Qxc4 b5 8. Qc2 Bb7 9. 0-0 c5 10. Be3 Rc8 11. dxc5 Bxc5 12. Bxc5 Rxc5 13. Qb3 0-0 14. Nc3 Qa8 15. a4 bxa4 16. Nxa4 Rb5 17. Qa3 Ne5 18. Rfc1 h6 19. Nc5 Nxf3+ 20. exf3 a5 21. Nxb7 Qxb7 22. f4 Qb6 23. Rc2 Rb8 24. Qc3 Nd5 25. Bxd5 Rxd5 26. Rac1 Rbd8 27. Qc6 Qb3 28. Qc3 Qb6 29. Qc6 Qb4 30. Qc3 Rd1+ 31. Kg2 Qe4+ 32. Qf3 Qe1 33. Rxd1 Rxd1 34. Kh3 Qf1+ 35. Kh4 Rd5 36. Rc8+ Kh7 37. Qe4+ g6 38. Qc2 Qg2 39. f5 Qxh2+ 40. Kg4 Rxf5 0-1

[Event "RUS-ch Blitz (Women)"]
[Site "Sochi"]
[Date "2024.10.14"]
[Round "5"]
[White "Karmanova, Olga Dm"]
[Black "Potapova, Margarita"]
[Result "1/2-1/2"]
[WhiteElo "2301"]
[BlackElo "2199"]
[PlyCount "83"]
[EventDate "2024.10.14"]
[EventType "swiss (blitz)"]
[EventRounds "13"]
[EventCountry "RUS"]
[SourceTitle "CB43_2024"]
[Source "Chessbase"]
[SourceDate "2024.10.23"]
[SourceVersion "1"]
[SourceVersionDate "2024.10.23"]
[SourceQuality "1"]

1. e4 c6 2. d4 d5 3. e5 Bf5 4. h4 h6 5. g4 Be4 6. f3 Bh7 7. Bd3 Bxd3 8. Qxd3 e6 9. Be3 c5 10. c3 Nc6 11. Nd2 Qb6 12. dxc5 Bxc5 13. Bxc5 Qxc5 14. Nb3 Qb6 15. f4 h5 16. gxh5 Nge7 17. Nf3 Nf5 18. Nfd4 Nfxd4 19. cxd4 Rxh5 20. 0-0-0 Nb4 21. Qe2 Nxa2+ 22. Kb1 Qxb3 23. Rd3 Qc4 24. Qxh5 Qxd3+ 25. Kxa2 Rc8 26. Qh8+ Kd7 27. Qxg7 Qc4+ 28. Kb1 Qc2+ 29. Ka2 Qc4+ 30. Kb1 Qd3+ 31. Ka2 Qc4+ 32. Kb1 Qc2+ 33. Ka2 Rc6 34. Qxf7+ Kc8 35. Qe8+ Kc7 36. Qe7+ Kc8 37. Qe8+ Kc7 38. Qe7+ Kc8 39. Qe8+ Kc7 40. Qe7+ Kb6 41. Qb4+ Kc7 42. Qe7+ 1/2-1/2

[Event "RUS-ch (Women) 74th"]
[Site "Barnaul"]
[Date "2024.08.22"]
[Round "6"]
[White "Girya, Olga"]
[Black "Karmanova, Olga Dm"]
[Result "1-0"]
[WhiteElo "2402"]
[BlackElo "2325"]
[PlyCount "65"]
[EventDate "2024.08.17"]
[EventType "tourn"]
[EventRounds "11"]
[EventCountry "RUS"]
[EventCategory "7"]
[SourceTitle "CBM 221 Extra"]
[Source "ChessBase"]
[SourceDate "2024.09.30"]
[SourceVersion "1"]
[SourceVersionDate "2024.09.30"]
[SourceQuality "1"]

1. d4 Nf6 2. Nf3 d6 3. Nc3 Bf5 4. h3 g6 5. g4 Bc8 6. e4 Bg7 7. Be3 h5 8. g5 Nfd7 9. Bc4 a6 10. a4 0-0 11. Nh4 e6 12. f4 c5 13. dxc5 Qa5 14. 0-0 dxc5 15. e5 Rd8 16. Qe2 Nc6 17. Nxg6 fxg6 18. Bxe6+ Kf8 19. Qd3 Ne7 20. Rad1 Ke8 21. Ne4 Nxe5 22. Nd6+ Rxd6 23. Qxd6 Nf7 24. Bxf7+ Kxf7 25. Bxc5 Nc6 26. f5 gxf5 27. g6+ Kg8 28. Rfe1 Bd7 29. b4 Qd8 30. Qxd7 Qg5+ 31. Kh1 Qxg6 32. Rg1 Qf6 33. Rxg7+ 1-0

[Event "RUS-ch (Women) 74th"]
[Site "Barnaul"]
[Date "2024.08.20"]
[Round "4"]
[White "Goltseva, Ekaterina"]
[Black "Karmanova, Olga Dm"]
[Result "1-0"]
[WhiteElo "2366"]
[BlackElo "2325"]
[PlyCount "71"]
[EventDate "2024.08.17"]
[EventType "tourn"]
[EventRounds "11"]
[EventCountry "RUS"]
[EventCategory "7"]
[SourceTitle "CBM 221 Extra"]
[Source "ChessBase"]
[SourceDate "2024.09.30"]
[SourceVersion "1"]
[SourceVersionDate "2024.09.30"]
[SourceQuality "1"]

1. d4 Nf6 2. c4 e6 3. Nf3 d5 4. Nc3 dxc4 5. e4 b5 6. e5 Nd5 7. Nxb5 Nb6 8. Be2 Nc6 9. Be3 Ba6 10. Nc3 Be7 11. 0-0 0-0 12. Ne4 Nb4 13. Nfd2 N4d5 14. b3 Nxe3 15. fxe3 Nd5 16. Rf3 Bg5 17. Nf1 Bb7 18. Nxg5 Qxg5 19. Rg3 Qh6 20. bxc4 Nc3 21. Qc2 Ne4 22. Rh3 Qg6 23. Bd3 f5 24. exf6 Qxf6 25. Ng3 Nxg3 26. Bxh7+ Kf7 27. Rxg3 Ke7 28. Bd3 Rh8 29. Rg6 Qh4 30. h3 Raf8 31. d5 Bc8 32. Rxg7+ Kd8 33. dxe6 Bxe6 34. Rd1 Qh6 35. Bf5+ Kc8 36. Qe4 1-0

[Event "RUS-ch (Women) 74th"]
[Site "Barnaul"]
[Date "2024.08.17"]
[Round "1"]
[White "Karmanova, Olga Dm"]
[Black "Charochkina, Daria"]
[Result "1/2-1/2"]
[WhiteElo "2325"]
[BlackElo "2295"]
[PlyCount "65"]
[EventDate "2024.08.17"]
[EventType "tourn"]
[EventRounds "11"]
[EventCountry "RUS"]
[EventCategory "7"]
[SourceTitle "CBM 221 Extra"]
[Source "ChessBase"]
[SourceDate "2024.09.30"]
[SourceVersion "1"]
[SourceVersionDate "2024.09.30"]
[SourceQuality "1"]

1. d4 d5 2. c4 c6 3. Nf3 Nf6 4. Nc3 e6 5. e3 Nbd7 6. Qc2 Bd6 7. Bd3 dxc4 8. Bxc4 b5 9. Be2 0-0 10. 0-0 Bb7 11. Rd1 Qc7 12. h3 Rac8 13. e4 e5 14. dxe5 Nxe5 15. Nd4 Ng6 16. Bg5 Be5 17. Bxf6 Bxf6 18. Bg4 Rcd8 19. Nd5 Qd6 20. Nf5 Qe5 21. Nxf6+ Qxf6 22. Qc5 Bc8 23. Qxa7 Qxb2 24. Qc7 Bxf5 25. exf5 Rxd1+ 26. Rxd1 Ne5 27. Rd8 f6 28. Rxf8+ Kxf8 29. Qd6+ Kf7 30. Bd1 Qb1 31. f4 Nd3 32. Qd7+ Kf8 33. Qd8+ 1/2-1/2

[Event "RUS-ch Higher League (Women) 74th"]
[Site "Nizhnij Novgorod"]
[Date "2024.07.05"]
[Round "9"]
[White "Pogonina, Natalija"]
[Black "Karmanova, Olga Dm"]
[Result "1/2-1/2"]
[WhiteElo "2391"]
[BlackElo "2198"]
[PlyCount "54"]
[EventDate "2024.06.26"]
[EventType "swiss"]
[EventRounds "9"]
[EventCountry "RUS"]
[SourceTitle "EXT 2025"]
[Source "ChessBase"]
[SourceDate "2024.10.14"]
[SourceVersion "1"]
[SourceVersionDate "2024.10.14"]
[SourceQuality "1"]

1. d4 d5 2. c4 e6 3. Nc3 Nf6 4. cxd5 exd5 5. Bg5 Bb4 6. e3 h6 7. Bxf6 Qxf6 8. a3 Bxc3+ 9. bxc3 0-0 10. Nf3 Rd8 11. Be2 c5 12. 0-0 Nc6 13. Qb3 b6 14. Rfd1 Be6 15. Qa4 Rac8 16. dxc5 bxc5 17. Bb5 Ne5 18. Nxe5 Qxe5 19. Rac1 Qc7 20. Be2 Rb8 21. Rd2 Qb6 22. Bf3 Rd6 23. Qd1 Rbd8 24. h3 d4 25. exd4 cxd4 26. cxd4 Rxd4 27. Rxd4 Qxd4 1/2-1/2

[Event "RUS-ch Higher League (Women) 74th"]
[Site "Nizhnij Novgorod"]
[Date "2024.07.03"]
[Round "7"]
[White "Karmanova, Olga Dm"]
[Black "Borisova, Ekaterina"]
[Result "1-0"]
[WhiteElo "2198"]
[BlackElo "2209"]
[PlyCount "55"]
[EventDate "2024.06.26"]
[EventType "swiss"]
[EventRounds "9"]
[EventCountry "RUS"]
[SourceTitle "EXT 2025"]
[Source "ChessBase"]
[SourceDate "2024.10.14"]
[SourceVersion "1"]
[SourceVersionDate "2024.10.14"]
[SourceQuality "1"]

1. c4 c5 2. Nc3 Nc6 3. Nf3 g6 4. e3 Bg7 5. d4 d6 6. h3 cxd4 7. exd4 Nh6 8. d5 Ne5 9. Nxe5 dxe5 10. g4 0-0 11. Be3 f5 12. Qd2 Nf7 13. Be2 b6 14. f3 e6 15. 0-0-0 Qh4 16. c5 bxc5 17. Bc4 Rd8 18. Qe2 Qe7 19. gxf5 gxf5 20. Rhg1 Kh8 21. Rxg7 Kxg7 22. Rg1+ Kh8 23. Bh6 Rg8 24. Rxg8+ Kxg8 25. Qg2+ Ng5 26. Bxg5 Qg7 27. dxe6 Bb7 28. Bf6 1-0

[Event "Asia-ch U16 Girls"]
[Site "Al Ain"]
[Date "2023.12.21"]
[Round "9"]
[White "Shubhi, Gupta"]
[Black "Karmanova, Olga Dm"]
[Result "1-0"]
[WhiteElo "1902"]
[BlackElo "2141"]
[PlyCount "63"]
[EventDate "2023.12.14"]
[EventType "swiss"]
[EventRounds "9"]
[EventCountry "UAE"]
[SourceTitle "EXT 2025"]
[Source "ChessBase"]
[SourceDate "2024.10.14"]
[SourceVersion "1"]
[SourceVersionDate "2024.10.14"]
[SourceQuality "1"]

1. d4 Nf6 2. Nf3 d5 3. Bg5 Ne4 4. Bh4 c5 5. e3 Qb6 6. Nc3 Qa5 7. Bb5+ Bd7 8. Bxd7+ Nxd7 9. 0-0 Nxc3 10. Qd2 e6 11. bxc3 c4 12. Rfe1 Bd6 13. e4 dxe4 14. Ng5 Be7 15. Rxe4 Bxg5 16. Bxg5 Qd5 17. Rae1 0-0 18. Qe3 Rfc8 19. Qg3 b5 20. Re5 Nxe5 21. Rxe5 Qd6 22. Bf6 g6 23. Qh4 Qa3 24. h3 Qc1+ 25. Kh2 Rab8 26. Bg5 Qa3 27. Bh6 f5 28. Rc5 Kf7 29. Bf4 Kg8 30. Qe7 Re8 31. Qf6 Rb7 32. Be5 1-0